[Event "HCL-M829"]
[Site "www.playchess.de"]
[Date "2006.01.08"]
[Round "3"]
[White "Azulejos"]
[Black "Chapo"]
[WhiteElo "2100"]
[BlackElo "1706"]
[PlyCount "49"]
[Result "1-0"]

1.e4 c5 {Good luck}  2.Nf3 {Saludos desde España}  
d6 3.d4 cxd4 4.Nxd4 Nf6 5.Nc3 a6 6.Be2 g6 7.Be3 
Bg7 8.Qd2 O-O 9.O-O Re8 10.f3 Nc6 11.Nxc6 bxc6 
12.Bc4 d5 13.exd5 cxd5 14.Nxd5 Nxd5 15.Bxd5 Rb8 
16.Rad1 e6 17.Bc6 Qe7 18.Bxe8 Qxe8 19.Qd8 Bb7 
20.Qxe8+ Rxe8 21.c4 f5 22.b3 e5 23.Rd7 Bc8 24.Ra7 
Rd8 25.c5 1-0

[Event "HCL-M854"]
[Site "www.playchess.de"]
[Date "2006.01.08"]
[Round "9"]
[White "fookooflakman"]
[Black "slimsboy"]
[WhiteElo "2102"]
[BlackElo "1891"]
[PlyCount "133"]
[Result "1-0"]

1.e4 c5 {Aloha and good luck!}  2.Nc3 Nc6 3.g3 g6 
4.Bg2 Bg7 5.d3 e6 6.Be3 d6 7.Qd2 Nge7 8.Bh6 O-O 
9.Bxg7 Kxg7 10.h4 h5 11.Nge2 Nd4 12.Nf4 e5 13.Nfd5 
Bg4 14.O-O Bf3 15.Nxe7 Qxe7 16.Nd5 Qd7 17.c3 Bxg2 
18.Kxg2 Nc6 19.f4 Ne7 20.f5 Nxd5 21.exd5 f6 
22.fxg6 Qg4 23.Rae1 f5 24.d4 cxd4 25.cxd4 e4 
26.Rec1 Rac8 27.Rc3 b5 28.Rc6 Rxc6 {very good, I 
my mind I had played Rc3 and you played bc, THEN I 
would have played b5. lol}  29.dxc6 d5 30.Qb4 Qxg6 
31.Qe7+ Qf7 32.Qe5+ Qf6 33.Rxf5 Qxe5 34.Rxe5 Rf6 
35.Rxd5 Rxc6 36.Rc5 Rd6 37.Rxh5 Rxd4 38.Rxb5 Rd2+ 
39.Kf1 Kf6 40.g4 e3 41.a4 Rh2 42.h5 Ke6 {Merry 
Christmas!}  43.b4 Kf6 44.Rf5+ Kg7 45.Re5 Rb2 
46.Rb5 Kh6 47.a5 Rd2 48.Re5 Rd4 49.b5 Rxg4 50.Ke2 
Ra4 51.a6 Ra3 52.Rxe3 Ra2+ {Happy New Year!}  
53.Kd3 Kxh5 54.Re5+ Kg6 55.Kd4 Kf6 56.Re3 Rb2 
57.Kc4 Rb1 58.Kc5 Kf7 59.Kc6 Kf6 60.Re4 Rb2 61.Re8 
Rc2+ 62.Kb7 Rb2 63.Kxa7 Rxb5 64.Rb8 Re5 65.Rb6+ 
Kf7 66.Rc6 Rb5 67.Rc7+ 1-0

[Event "HCL-E1522"]
[Site "www.playchess.de"]
[Date "2006.01.08"]
[Round "15"]
[White "baggur"]
[Black "Emerson"]
[WhiteElo "1660"]
[BlackElo "1780"]
[PlyCount "74"]
[Result "0-1"]

1.e4 {hello and good luck}  e5 {welcome and also 
good luck!}  2.Nf3 Qe7 3.Bc4 d6 4.h3 h6 5.O-O Nf6 
6.d4 c6 7.Nc3 b5 8.Bd3 g5 9.dxe5 dxe5 {I wish you 
a merry christmas}  10.Be3 Bg7 {to you also a 
merry christmas!}  11.a4 b4 12.Ne2 O-O 13.Ng3 g4 
14.hxg4 Nxg4 15.Nf5 Bxf5 16.exf5 e4 17.Bc4 Nxe3 
18.fxe3 exf3 19.Qxf3 Qf6 20.b3 Nd7 21.Qg3 Ne5 
22.Be2 Rad8 {Happy New Year!}  23.e4 {Happy new 
year
}  Rd2 24.Bd3 Nxd3 25.cxd3 Qd4+ 26.Kh1 Rxd3 27.Qg4 
Kh8 28.Qh4 Qf6 29.Qf4 Re8 30.Rab1 Bf8 31.Rf3 Bd6 
32.Qg4 Rg8 33.Qh3 Rxf3 34.Qxf3 Rg3 35.Qh5 Qg5 
36.Qxf7 Qh4+ 37.Kg1 Bc5+ 0-1

[Event "HCL-E1522"]
[Site "www.playchess.de"]
[Date "2006.01.08"]
[Round "10"]
[White "Matu"]
[Black "baggur"]
[WhiteElo "1530"]
[BlackElo "1660"]
[PlyCount "69"]
[Result "1/2-1/2"]

1.Nf3 Nf6 2.b3 g6 3.Bb2 Bg7 4.g3 O-O 5.Bg2 c5 
6.O-O d5 7.e3 Nc6 8.d4 cxd4 9.Nxd4 Nxd4 10.Bxd4 e5 
11.Bxe5 Be6 12.Nd2 Rc8 13.Rc1 Qa5 14.a4 a6 15.Qe2 
Bf5 16.c4 dxc4 17.Nxc4 Qd8 18.Rfd1 Nd7 19.Bxg7 
Kxg7 20.Nd6 Rxc1 21.Nxf5+ gxf5 22.Rxc1 Qb6 23.Qc4 
Ne5 24.Qc7 Qxc7 25.Rxc7 b5 26.axb5 axb5 27.Rc5 Kf6 
28.Rxb5 Rc8 29.Rb6+ Kg7 30.h3 Rc1+ 31.Kh2 Rc2 
32.Kg1 Rc1+ 33.Bf1 Nf3+ 34.Kg2 Ne1+ 35.Kg1 
{(offering draw)}  1/2-1/2

[Event "HCL-E1512"]
[Site "www.playchess.de"]
[Date "2006.01.08"]
[Round "3"]
[White "Inge_Heumann"]
[Black "baggur"]
[WhiteElo "1685"]
[BlackElo "1628"]
[PlyCount "71"]
[Result "1-0"]

1.e4 c5 2.Nf3 d6 3.d4 cxd4 4.Nxd4 Nf6 5.Nc3 a6 
6.Bd3 Nbd7 7.O-O g6 8.f4 e5 9.fxe5 dxe5 10.Nf3 Bg7 
11.Kh1 O-O 12.Bg5 h6 13.Bh4 Qc7 14.Qe2 b5 15.Rac1 
Bb7 16.Qf2 Nh5 17.Nd5 Bxd5 18.exd5 Nc5 19.Rcd1 
Nxd3 20.Rxd3 Rac8 21.Rc3 Qd7 22.Rxc8 Rxc8 23.Ne1 
{I wish you a merry christmas!}  Qxd5 {Merry 
Christmas}  24.b3 Nf4 25.Be7 Qe6 26.Ba3 Nd5 27.Bb2 
f5 28.Nd3 e4 29.Nc5 Qc6 30.Bxg7 Kxg7 31.Qd4+ Kh7 
32.Nxe4 Qe6 33.Qxd5 Qe7 34.Nd6 Rxc2 35.Nxf5 gxf5 
36.Qxf5+ 1-0

[Event "HCL-A2504"]
[Site "www.playchess.de"]
[Date "2006.01.08"]
[Round "2"]
[White "kinghunter"]
[Black "jmulin"]
[WhiteElo "1785"]
[BlackElo "1700"]
[PlyCount "49"]
[Result "1-0"]

1.d4 Nf6 2.Nf3 e6 3.e3 d5 4.Bd3 c5 5.c3 cxd4 
6.exd4 Bd6 7.Nbd2 O-O 8.O-O Nbd7 9.Re1 Qc7 10.Qe2 
Re8 11.Ne5 Nf8 12.f4 N6d7 13.Qh5 g6 14.Qh6 Nxe5 
15.fxe5 Be7 16.Nf3 a6 17.Bg5 Bxg5 18.Nxg5 Bd7 
19.Ref1 Re7 20.Rf6 Be8 21.Raf1 b5 22.R1f3 b4 
23.Rh3 bxc3 24.Nxh7 cxb2 25.Qxf8+ 1-0

[Event "HCL-A2490"]
[Site "www.playchess.de"]
[Date "2006.01.08"]
[Round "2"]
[White "kali"]
[Black "FighterFights"]
[WhiteElo "1456"]
[BlackElo "1700"]
[PlyCount "48"]
[Result "0-1"]

1.e4 e6 2.d4 d5 3.Nc3 Bb4 4.e5 c5 5.a3 Bxc3+ 
6.bxc3 Nc6 7.Nf3 Nge7 8.Be2 Nf5 9.O-O Qa5 10.Bd2 
Qc7 11.Bf4 f6 12.Qd2 Qa5 13.exf6 gxf6 14.dxc5 Qxc5 
15.Kh1 b6 16.Bd3 e5 17.Bxf5 Bxf5 18.Rfe1 O-O-O 
19.Be3 Qc4 20.Rab1 h5 21.Rb2 Rhg8 22.Reb1 Rxg2 
23.Kxg2 Rg8+ 24.Kh1 Qg4 0-1

[Event "HCL-C4007"]
[Site "www.playchess.de"]
[Date "2006.01.08"]
[Round "9"]
[White "Thrustnicely"]
[Black "jsteveg"]
[WhiteElo "1067"]
[BlackElo "714"]
[PlyCount "55"]
[Result "1-0"]

1.e4 {;-)}  e5 {bon chance}  2.f4 {YOU TOO}  exf4 
3.d4 g5 4.Bc4 Nf6 5.Qf3 Bb4+ 6.c3 Ba5 7.b4 Bb6 
8.e5 Qe7 9.Ne2 g4 10.Qxf4 Ng8 11.Qxg4 Nc6 12.Qg7 
Qh4+ {yuck}  13.Ng3 {i know the feeling !!}  d6 
14.Bxf7+ Kd8 15.Bg5+ Qxg5 {You must be enjoying 
this game.}  16.Qxg5+ {i think maybe xmas has come 
early  :-)}  Nge7 {Merry Christmas!}  17.d5 Nxe5 
18.Qg7 N7g6 19.Qf6+ Kd7 20.Bxg6 Nxg6 21.Nf5 Rf8 
22.Qg7+ Ke8 23.Rf1 Bxf5 24.Qxh7 c6 25.Rxf5 Rxf5 
26.Qxg6+ Kd7 27.Qxf5+ Kc7 28.Qf7+ 1-0

[Event "HCL-C4007"]
[Site "www.playchess.de"]
[Date "2006.01.08"]
[Round "10"]
[White "jsteveg"]
[Black "Thrustnicely"]
[WhiteElo "714"]
[BlackElo "1067"]
[PlyCount "56"]
[Result "0-1"]

1.e4 e5 2.Bb5 a6 3.Ba4 b5 4.Bb3 a5 5.a4 b4 6.Nf3 
Qf6 7.d4 exd4 8.Nxd4 Bc5 9.c3 Nc6 10.Be3 Bxd4 
11.cxd4 Nge7 12.Nd2 Nxd4 13.Bd5 Nxd5 14.exd5 Qe5 
15.Qg4 Nc2+ 16.Ke2 Ba6+ 17.Nc4 Nxa1 18.Rxa1 Bxc4+ 
19.Kf3 Bxd5+ 20.Ke2 Qxb2+ 21.Kd3 Qxa1 22.Qd4 Qxd4+ 
23.Bxd4 Bxg2 24.Bxg7 Rg8 25.Be5 c6 26.Kc4 Bd5+ 
27.Kc5 b3 28.Kb6 b2 0-1

[Event "HCL-M871"]
[Site "www.playchess.de"]
[Date "2006.01.08"]
[Round "7"]
[White "Cramneck"]
[Black "dzwonek"]
[WhiteElo "1928"]
[BlackElo "1981"]
[PlyCount "34"]
[Result "0-1"]

1.Nf3 {Hi from England}  d5 {Greetongs from 
Poland!!!}  2.c4 e6 3.g3 dxc4 4.Bg2 c6 5.a4 Nf6 
6.O-O Na6 7.Qc2 b5 8.b3 Nb4 9.Qd1 cxb3 10.Qxb3 Bb7 
11.d4 Be7 12.Nc3 O-O 13.axb5 cxb5 14.Nxb5 Rb8 
15.Nc3 Bxf3 16.exf3 Nbd5 17.Qc2 
Rc8 0-1

[Event "HCL-B3782"]
[Site "www.playchess.de"]
[Date "2006.01.08"]
[Round "12"]
[White "Bense"]
[Black "sripradeep"]
[WhiteElo "1053"]
[BlackElo "1549"]
[PlyCount "33"]
[Result "1-0"]

1.e4 c5 2.c3 Nc6 3.d3 d6 4.f3 Nf6 5.f4 g6 6.Nf3 
Bg7 7.d4 cxd4 8.cxd4 Nxe4 9.Be3 Qa5+ 10.Bd2 Nxd2 
11.Nbxd2 Nxd4 12.Rb1 Bg4 13.h3 Nxf3+ 14.gxf3 Bf5 
15.Rc1 Bxb2 16.Rc4 b5 17.Rc6 1-0

[Event "HCL-B3729"]
[Site "www.playchess.de"]
[Date "2006.01.08"]
[Round "19"]
[White "Bense"]
[Black "benace"]
[WhiteElo "1097"]
[BlackElo "1647"]
[PlyCount "29"]
[Result "1-0"]

1.e4 {Hello.}  c5 2.Nf3 Nc6 3.Nc3 g6 4.d3 Bg7 
5.Be3 a6 6.Bxc5 e6 7.a3 Qc7 8.b4 b6 9.b5 Na7 
10.Bb4 Bxc3+ 11.Bxc3 Qxc3+ 12.Nd2 Nxb5 13.Qc1 Nd4 
14.a4 Nxc2+ 15.Kd1 1-0

[Event "HCL-M878"]
[Site "www.playchess.de"]
[Date "2006.01.08"]
[Round "6"]
[White "Duffy"]
[Black "maik42_"]
[WhiteElo "1580"]
[BlackElo "2187"]
[PlyCount "48"]
[Result "0-1"]

1.e4 d6 2.d4 g6 3.c4 Nf6 4.Nc3 Bg7 5.Be2 O-O 6.Bg5 
c5 7.d5 h6 8.Bf4 a6 9.a4 Qa5 10.Bd2 Qc7 11.g4 e6 
12.g5 hxg5 13.Bxg5 exd5 14.cxd5 Nh7 15.Bf4 f5 
16.Qd2 Nf6 17.f3 Qe7 18.O-O-O b5 19.axb5 axb5 
20.Nxb5 Nxe4 21.fxe4 Ra1+ 22.Kc2 Qxe4+ 23.Bd3 Qa4+ 
24.b3 Qa2+ 0-1

[Event "HCL-B3734"]
[Site "www.playchess.de"]
[Date "2006.01.08"]
[Round "3"]
[White "adamant"]
[Black "GMO"]
[WhiteElo "1251"]
[BlackElo "1341"]
[PlyCount "102"]
[Result "0-1"]

1.e4 e5 2.Nf3 d6 3.Nc3 Nf6 4.Bc4 h6 5.O-O Be7 6.d3 
O-O 7.Be3 a6 8.Qd2 Ng4 9.h3 Nxe3 10.Qxe3 b5 11.Bb3 
Nd7 12.Rad1 Nc5 13.d4 exd4 14.Nxd4 Bf6 15.Nf5 Bxf5 
16.exf5 Nxb3 17.axb3 Re8 18.Qf3 b4 19.Nd5 Bxb2 
20.c3 bxc3 21.Nxc3 Bxc3 22.Qxc3 f6 23.Rd2 Re5 
24.g4 Rc5 25.Qd4 a5 26.f4 Qb8 27.Re1 Qxb3 28.Kg2 
Qb7+ 29.Kh2 a4 30.Ra1 a3 31.Rda2 Qb3 32.Qd2 Rd5 
33.Qc2 Qxc2+ 34.Rxc2 c5 35.Rca2 Rd3 36.h4 d5 37.g5 
hxg5 38.hxg5 c4 39.gxf6 gxf6 40.Rf2 c3 41.Kg1 Rd2 
42.Rxd2 cxd2 43.Kf2 d1Q 44.Rxd1 Ra5 45.Ke3 a2 
46.Ra1 Kf7 47.Kd3 Ra4 48.Ke3 Ke7 49.Kf3 Kd6 50.Ke3 
d4+ 51.Kd3 Kd5 0-1

[Event "HCL-B3812"]
[Site "www.playchess.de"]
[Date "2006.01.08"]
[Round "8"]
[White "Bense"]
[Black "PhilipKaveny"]
[WhiteElo "1051"]
[BlackElo "1372"]
[PlyCount "132"]
[Result "0-1"]

1.e4 e5 2.d3 Nc6 3.f3 f5 4.Nd2 f4 5.c3 Qh4+ 6.Ke2 
Bc5 7.Qe1 Qe7 8.Nb3 Nf6 9.g3 d5 10.exd5 Nxd5 {A 
very Happ New year}  11.Kd1 {Happy New year to 
you!}  O-O 12.gxf4 Qh4 13.Nxc5 Qxe1+ 14.Kxe1 {I'm 
sure you noticed the error you made I should have 
taken your queen but realized to late. Have I 
missed my chance to beat you?}  b6 {You are still 
a piece up I though you Queen was your King  This 
Happens  more  often than you  think.  You are 
also  a better player  than you  think  I followed 
 some of your games}  15.Nb3 {thank you! I hope to 
make the best of the advantage!}  Nxf4 16.Bxf4 
exf4 {(offering draw) Your  Best  might  be  to 
offer me a draw}  17.Bg2 {Now, you would not 
expect that of me, would you?}  Re8+ {:)  If you 
win you will earn it I would not accept a draw if 
I were you either}  18.Kd2 Ba6 19.c4 Rad8 20.Rc1 
Nb4 21.Bf1 Re3 22.Rc3 Nxa2 {No prisoners}  23.Ne2 
Nxc3 24.Nxc3 Bxc4 25.Nc1 Ba6 26.Be2 Bb7 {I hope my 
commnets are taken in good sport.  I am really 
enjoying this game}  27.Rg1 {Sure, I am enjoying 
the game also. Like wise I have enjoyed all our 
past games, you make an interesting apponent.}  
Bxf3 28.Bxf3 Rxf3 29.Re1 Rf2+ 30.Re2 Rxe2+ 
31.N3xe2 g5 32.h3 Re8 33.d4 f3 34.Ng3 h5 35.Nd3 h4 
36.Nf1 Re2+ 37.Kd1 Re4 38.d5 Rd4 39.Kd2 Rxd5 
40.Ke3 c5 41.Nh2 c4 42.Nb4 Rb5 43.Nc6 {Nice work!} 
 Rxb2 {From the point I offered you a draw you 
have forced me to play  my best game ever}  
44.Nxf3 {yes you have played well but I hope its 
not over yet?}  g4 {The Opera is not over untill 
the fat lady sings}  45.Ng1 gxh3 46.Nf3 h2 47.Nxh2 
{I think I should have taken the draw, don't you?} 
 Rxh2 {No I don't I really think that this will 
help both of our games  There is much  less 
differnce between us than  the rating would 
indicate. I will send you a longer maessage}  
48.Ne7+ Kf7 49.Nf5 c3 50.Nd4 a6 51.Nc6 c2 52.Ne5+ 
Kg7 {It always takes at least three  moves to 
check me from this position by the knight}  53.Nd3 
Rh3+ 54.Kd2 Rxd3+ 55.Kxc2 Rg3 56.Kd2 h3 57.Ke2 h2 
58.Kf2 h1N+ 59.Kf1 a5 60.Ke2 a4 61.Kd2 a3 62.Kc2 
Rg2+ 63.Kb1 b5 64.Ka1 b4 65.Kb1 b3 66.Ka1 Rg1+ 
{Any time you would like a private game I am happy 
to play you}  0-1

[Event "HCL-B3532"]
[Site "www.playchess.de"]
[Date "2006.01.08"]
[Round "17"]
[White "Glomp"]
[Black "ppadala"]
[WhiteElo "1641"]
[BlackElo "1202"]
[PlyCount "101"]
[Result "1-0"]

1.e4 {Hello and good luck!}  e5 {same to you}  
2.Nf3 Nc6 3.Bb5 a6 4.Ba4 Nf6 5.O-O b5 6.Bb3 Be7 
7.Re1 O-O 8.a4 Bb7 9.d3 d5 10.Nc3 d4 11.Ne2 Re8 
12.c3 b4 13.cxd4 exd4 14.Bf4 Nh5 15.Bd2 a5 16.Rc1 
Rc8 17.Nexd4 Nxd4 18.Nxd4 Qxd4 19.Qxh5 g6 20.Qf3 
Ref8 21.Bh6 Qxb2 22.Bxf8 Rxf8 23.Rxc7 Qxb3 24.Rxe7 
Bc6 25.h3 Qxa4 26.Rc1 b3 27.Rc7 Bb5 28.Rb1 Qa2 
29.Qd1 a4 30.Rb7 Bc6 31.Rc7 Be8 32.Kf1 f5 33.exf5 
Rxf5 34.Qe1 Bf7 35.Rc8+ Kg7 36.f3 Bd5 37.Qe7+ Kh6 
38.Qh4+ Kg7 39.Qe7+ Rf7 40.Qe5+ Kh6 41.Qe3+ Kh5 
42.Rcc1 b2 43.Qe5+ Kh6 44.Qxb2 Qxb2 45.Rxb2 a3 
46.Rb5 Be6 47.Ra5 a2 48.Ra1 Rb7 49.R5xa2 Bxa2 
50.Rxa2 Rd7 51.Ke2 1-0

[Event "HCL-B3734"]
[Site "www.playchess.de"]
[Date "2006.01.09"]
[Round "18"]
[White "Bense"]
[Black "GMO"]
[WhiteElo "1061"]
[BlackElo "1341"]
[PlyCount "202"]
[Result "0-1"]

1.e4 e5 2.f3 Bc5 3.c3 Bxg1 4.Rxg1 Nf6 5.Qb3 O-O 
6.d3 h6 7.Nd2 Nc6 8.d4 exd4 9.cxd4 Nxd4 10.Qd3 c5 
11.b4 d6 12.bxc5 dxc5 13.Bb2 b5 14.Bxd4 Qxd4 
15.Qxd4 cxd4 16.Bxb5 Rd8 17.Rb1 Be6 18.a4 Rab8 
19.Kf2 Nd7 20.Rgc1 Rbc8 21.Rxc8 Rxc8 22.Bxd7 Bxd7 
23.Rb7 Bxa4 24.Rxa7 Bb5 25.Ra2 d3 26.Ke3 Rd8 
27.Ra3 Kf8 28.g4 Ke7 29.Ra7+ Kf6 30.f4 g6 31.h4 
Kg7 32.g5 hxg5 33.hxg5 Kf8 34.e5 Ke8 35.Rb7 Ba6 
36.Ra7 Bb5 37.Rb7 Bd7 38.Rb3 Bf5 39.Rc3 Kf8 40.Rc6 
Kg7 41.Rc7 Rh8 42.Rc6 Rh3+ 43.Kd4 Rh2 44.Ke3 Re2+ 
45.Kf3 Rxd2 46.Rf6 Re2 47.Rd6 Be4+ 48.Kg4 d2 49.e6 
Bf5+ 50.Kf3 Rxe6 51.Rxd2 Re8 {São Paulo 1 x 0 
Liverpol...}  52.Rd6 {As expected Liverpool are 
not the best U.K. Team! anyway well done Sáo 
Paulo}  Rh8 {Oh yes....}  53.Ke3 Rh3+ 54.Kf2 Be6 
55.Rb6 Rh4 56.Kg3 Rg4+ 57.Kf3 Rg1 58.Rb4 Bd5+ 
59.Ke3 Rf1 60.Rd4 Rf3+ 61.Ke2 Bb7 62.Rb4 Bc6 
63.Rd4 Rh3 64.Kf2 f6 65.Rd6 Be8 66.Rxf6 Rh8 67.Kf3 
Rf8 68.Rb6 Ba4 69.Kg4 Rf5 70.Rd6 Bc2 71.Rd7+ Kf8 
72.Rd6 Rc5 73.Rf6+ Ke7 74.Kf3 Rc3+ 75.Kg4 Bf5+ 
76.Rxf5 gxf5+ 77.Kxf5 Kf7 78.Kg4 Rc4 79.Kf5 Kg7 
80.Ke5 Rc5+ 81.Ke4 Kg6 82.Kf3 Kf5 83.Kg3 Rc4 84.g6 
Kxg6 85.Kg4 Rc5 86.Kg3 Kf5 87.Kf3 Rc4 88.Ke3 Rxf4 
89.Kd3 Re4 90.Kc3 Ke5 91.Kd3 Kd5 92.Kc3 Rd4 93.Kb3 
Rc4 94.Ka3 Kc5 95.Kb3 Kb5 96.Ka3 Rb4 97.Ka2 Kc4 
98.Ka3 Rb8 99.Ka2 Kc3 100.Ka1 Kc2 101.Ka2 
Ra8+ 0-1

[Event "HCL-E1502"]
[Site "www.playchess.de"]
[Date "2006.01.09"]
[Round "29"]
[White "pkchess"]
[Black "Glomp"]
[WhiteElo "1660"]
[BlackElo "1660"]
[PlyCount "32"]
[Result "1/2-1/2"]

1.Nf3 Nf6 2.g3 g6 3.Bg2 Bg7 4.c4 O-O 5.O-O c6 
6.Nc3 d5 7.cxd5 cxd5 8.d4 b6 9.Bf4 Bb7 {Merry 
Christmas!}  10.Rc1 {Merry Christmas!}  Nc6 11.Ne5 
Rc8 12.Qd2 e6 13.Nxc6 Bxc6 14.Bh6 Bb7 15.Bxg7 Kxg7 
16.Qf4 Qd7 {(offering draw)}  1/2-1/2

[Event "HCL-C4015"]
[Site "www.playchess.de"]
[Date "2006.01.09"]
[Round "4"]
[White "thetruth1985"]
[Black "Huanchaco"]
[WhiteElo "800"]
[BlackElo "954"]
[PlyCount "34"]
[Result "0-1"]

1.d4 d5 2.c4 e5 3.dxe5 d4 4.e3 c5 5.Nf3 Nc6 6.exd4 
Nxd4 7.Nxd4 Qxd4 8.Qxd4 cxd4 9.Be2 Bf5 10.O-O 
O-O-O 11.Nd2 Bc5 12.Nf3 d3 13.Bd1 f6 14.Re1 Bg4 
15.h3 Bxf3 16.Bxf3 d2 17.Rd1 dxc1Q 0-1

[Event "HCL-M864"]
[Site "www.playchess.de"]
[Date "2006.01.09"]
[Round "9"]
[White "Nigel"]
[Black "boniek"]
[WhiteElo "2126"]
[BlackElo "1810"]
[PlyCount "43"]
[Result "1-0"]

1.e4 {Hi,have a good game.}  e5 {same to you}  
2.Nf3 f5 3.Nxe5 Qf6 4.Nc4 fxe4 5.Nc3 Qf7 6.Ne3 c6 
7.Nxe4 d5 8.Ng5 Qe7 9.Nf3 Bg4 10.d4 Nf6 11.Bd3 
Nbd7 12.O-O h5 13.Bg6+ Kd8 14.Nxg4 hxg4 15.Ng5 Kc8 
16.Nf7 Rh4 17.Bg5 Rh6 18.Re1 Qb4 19.Bf5 Rh5 
20.Bxd7+ Kxd7 21.Bxf6 gxf6 22.Qxg4+ 1-0

[Event "HCL-C4001"]
[Site "www.playchess.de"]
[Date "2006.01.09"]
[Round "3"]
[White "pauerchess"]
[Black "Farquhart"]
[WhiteElo "1401"]
[BlackElo "373"]
[PlyCount "75"]
[Result "1-0"]

1.d4 {hi good luck.}  d5 2.g3 Nc6 3.Bg2 e6 4.f4 
Nf6 5.Nf3 Bb4+ 6.c3 Bd6 7.O-O a5 8.Ne5 Ra6 9.Nd2 
h5 10.e4 dxe4 11.Nxe4 Rb6 12.Nxc6 bxc6 13.Re1 Rh6 
14.f5 exf5 15.Nxf6+ Kf8 16.Re8+ Qxe8 17.Nxe8 Kxe8 
18.Bxh6 gxh6 19.b3 a4 20.c4 c5 21.d5 Ra6 22.bxa4 
{have a good holaday, and all the best for your 
chess.-)}  Be5 23.Rb1 Bd4+ 24.Kh1 Rb6 25.Rxb6 cxb6 
26.Qxh5 Bd7 27.Qxh6 Bc8 28.Qxb6 Bd7 29.a5 f6 30.a6 
Kf7 31.a7 Ba4 32.a8Q Bd7 33.Qc7 Ke7 34.d6+ Kf7 
35.Bd5+ Kg6 36.Qg8+ Kh5 37.Bf3+ Kh6 
38.Qxd7 1-0

[Event "HCL-B3820"]
[Site "www.playchess.de"]
[Date "2006.01.09"]
[Round "10"]
[White "tusnelda"]
[Black "PhilipKaveny"]
[WhiteElo "1182"]
[BlackElo "1406"]
[PlyCount "50"]
[Result "0-1"]

1.e4 c5 2.Nc3 d6 3.Bc4 a6 4.d3 e6 5.a3 b5 6.Ba2 
Bb7 7.Nf3 Nf6 8.Bf4 Be7 9.O-O O-O 10.e5 dxe5 
11.Bxe5 Nc6 12.d4 cxd4 13.Bxd4 Nxd4 14.Nxd4 Bc5 
15.Nce2 Ng4 16.h3 Nf6 17.b4 Bxd4 18.Nxd4 Nd5 
19.Ne2 Rc8 20.Bb3 Qg5 21.Bxd5 Bxd5 22.Ng3 f5 
23.Rc1 f4 24.Qd2 h6 25.Kh2 fxg3+ 0-1

[Event "HCL-C4028"]
[Site "www.playchess.de"]
[Date "2006.01.09"]
[Round "10"]
[White "Farquhart"]
[Black "jase3480"]
[WhiteElo "420"]
[BlackElo "800"]
[PlyCount "83"]
[Result "1-0"]

1.e4 e5 2.d3 Nh6 3.Nf3 Ng4 4.Nfd2 d5 5.h3 Nf6 6.d4 
dxe4 7.dxe5 Nd5 8.Bb5+ c6 9.Be2 Nf4 10.Nc4 Nxg2+ 
11.Kf1 Nf4 12.Bxf4 Na6 13.e6 Bxe6 14.Nd6+ Bxd6 
15.Bxd6 Nb4 16.Bxb4 a5 17.Bd6 Ra6 18.Bxa6 bxa6 
19.Rg1 Bc4+ 20.Ke1 g5 21.Qd4 f6 22.Qxe4+ Be6 
23.Qxe6+ Qe7 24.Bxe7 Rf8 25.Qxc6+ Kxe7 26.Qc5+ Kf7 
27.Qxa5 Re8+ 28.Kf1 Re5 29.Qc7+ Re7 30.Qd6 Rb7 
31.Qd5+ Kg6 32.Qxb7 a5 33.c4 h5 34.Qe4+ Kf7 
35.Qd5+ Kg7 36.Qxa5 h4 37.Nd2 g4 38.Rxg4+ Kh6 
39.Rf4 Kh7 40.Rxf6 Kg7 41.Qg5+ Kh8 
42.Rh6+ 1-0

[Event "HCL-B3785"]
[Site "www.playchess.de"]
[Date "2006.01.09"]
[Round "14"]
[White "mrchess"]
[Black "newplayer"]
[WhiteElo "1440"]
[BlackElo "1088"]
[PlyCount "53"]
[Result "1-0"]

1.d4 {good game}  d5 {thanks maybe this time}  
2.c4 {yes}  e6 {:-)}  3.Nc3 Bb4 4.Nf3 Bxc3+ {:-0 
lucky you dit not see my mistake
queen to E4:-)}  5.bxc3 {i did not see your move 
queen to E4 that was impossible}  f6 {your 
queenfrom D1 -- A4 i in chess you take the black 
runner from B4
for free he waas not protectet}  6.cxd5 {but could 
protected him with Nc6}  Qxd5 7.Qc2 g6 8.e4 Qd8 
9.Ba3 Ne7 10.Bc4 a6 11.O-O b5 12.Bd3 Bb7 13.Rfe1 
Nbc6 14.Rab1 h5 15.e5 f5 16.Bc1 Nd5 17.Ng5 Rg8 
18.Nxe6 Qd7 19.Nc5 Qc8 20.Bg5 f4 21.e6 Nce7 
22.Bxe7 Nxe7 23.Re5 Rf8 24.Nd7 Rh8 25.Bxg6+ Nxg6 
26.Qxg6+ Ke7 27.Qf6+ 1-0

[Event "HCL-B3739"]
[Site "www.playchess.de"]
[Date "2006.01.09"]
[Round "9"]
[White "RUDI"]
[Black "narson"]
[WhiteElo "1300"]
[BlackElo "1500"]
[PlyCount "71"]
[Result "1/2-1/2"]

1.e4 {Hola!}  e6 2.d4 d5 3.exd5 exd5 4.Bf4 Nf6 
5.Nc3 c6 6.Qe2+ Qe7 7.Nf3 Qxe2+ 8.Bxe2 Bb4 9.O-O 
O-O 10.Na4 Bg4 11.a3 Ba5 12.h3 Bh5 13.b4 Bb6 14.c3 
Nbd7 15.Bd3 Ne4 16.Bxe4 dxe4 17.Nd2 Bg6 18.f3 Nf6 
19.fxe4 Nxe4 20.Nxe4 Bxe4 21.Nc5 Bxc5 22.dxc5 f5 
23.Rad1 Rad8 24.Rd6 Rxd6 25.cxd6 Rd8 26.Kf2 Kf7 
27.c4 h6 28.c5 g5 {Sorry but i was given a far 
away job assignment last december, Happy new 
year.}  29.Be5 {same to you, good you got some 
days on your clock}  Rd7 30.g3 Ke6 31.Bc3 Kd5 
32.Rd1+ Kc4 33.Be1 Kb3 34.a4 a6 35.a5 Kc4 36.Rc1+ 
{(offering draw)}  1/2-1/2

[Event "HCL-T248"]
[Site "www.playchess.de"]
[Date "2006.01.09"]
[Round "5"]
[White "lostpawn2000"]
[Black "Coolhandluke"]
[WhiteElo "1223"]
[BlackElo "1478"]
[PlyCount "85"]
[Result "1-0"]

1.d4 Nf6 2.Bg5 d5 3.e3 c6 4.c4 Ne4 5.Bf4 Qa5+ 
6.Nd2 Qxd2+ 7.Qxd2 Nxd2 8.Kxd2 Bf5 9.Nf3 Nd7 
10.Bd3 Bxd3 11.Kxd3 dxc4+ {Happy Thanksgiving 
lostpawn}  12.Kxc4 {likewise}  Nb6+ 13.Kd3 e6 
14.e4 Be7 15.b3 O-O 16.Rac1 f5 17.exf5 exf5 
18.Rhe1 Nd5 19.Bd2 Bf6 20.Ne5 Rad8 21.Ke2 Nf4+ 
22.Bxf4 Rxd4 23.Kf3 g5 24.Be3 g4+ 25.Ke2 Re4 
26.Nd7 Rf7 27.Nxf6+ Rxf6 28.g3 b5 29.Kf1 a6 30.Bg5 
Rxe1+ 31.Rxe1 Rd6 32.Re8+ Kf7 33.Bf4 Rd1+ 34.Ke2 
Ra1 35.Rc8 Rxa2+ 36.Kf1 Rc2 37.Be3 a5 38.Ke1 a4 
39.bxa4 bxa4 40.Ra8 Rc4 41.Kd2 Ke6 42.Kd3 Kd5 
43.Rd8+ 1-0

[Event "HCL-C4006"]
[Site "www.playchess.de"]
[Date "2006.01.09"]
[Round "3"]
[White "qqq"]
[Black "kiddthekid"]
[WhiteElo "1465"]
[BlackElo "794"]
[PlyCount "31"]
[Result "1-0"]

1.d4 d6 2.c4 c5 3.dxc5 dxc5 4.Qxd8+ Kxd8 5.Nc3 e6 
6.Bf4 Ke8 7.Nf3 Nf6 8.g3 Be7 9.Bg2 Kf8 10.Rd1 a5 
11.Ne5 Ra6 12.O-O Rd6 13.Nxf7 Kxf7 14.Bxd6 Rd8 
15.Bxb8 h6 16.Bc7 1-0

[Event "HCL-M847"]
[Site "www.playchess.de"]
[Date "2006.01.09"]
[Round "3"]
[White "Goofy"]
[Black "temple"]
[WhiteElo "2041"]
[BlackElo "1754"]
[PlyCount "67"]
[Result "1-0"]

1.d4 d5 2.c4 e6 3.Nc3 Nf6 4.Bg5 Be7 5.Nf3 O-O 6.e3 
Ne4 7.Bxe7 Qxe7 8.Qc2 Nxc3 9.bxc3 b6 10.Bd3 h6 
11.O-O Bb7 12.cxd5 exd5 13.Ne5 Nd7 14.f4 c5 
15.Bh7+ Kh8 16.Bf5 Nxe5 17.fxe5 Bc8 18.Rf3 Bxf5 
19.Qxf5 Qe6 20.Qh5 Qg6 21.Qh4 Qg5 22.Qh3 Rae8 
23.Raf1 Qe7 24.R3f6 Kh7 25.Qf5+ Kg8 26.Rf3 g6 
27.Rg3 Kh8 28.Qh5 Kh7 29.Rgxg6 fxg6 30.Qxg6+ Kh8 
31.Qxh6+ Qh7 32.Rxf8+ Rxf8 33.Qxf8+ Qg8 
34.Qxg8+ 1-0

[Event "HCL-C4022"]
[Site "www.playchess.de"]
[Date "2006.01.09"]
[Round "2"]
[White "Viking"]
[Black "sarx"]
[WhiteElo "1000"]
[BlackElo "1197"]
[PlyCount "47"]
[Result "1-0"]

1.e4 e6 2.Nf3 d5 3.Nc3 c5 4.d4 Nc6 5.exd5 exd5 
6.dxc5 Bxc5 7.Bb5 Bd7 8.a3 a6 9.Be2 Nf6 10.h3 O-O 
11.O-O Nh5 12.Qxd5 Bxf2+ 13.Rxf2 Ng3 14.Bd3 Be6 
15.Qxd8 Raxd8 16.Be3 f5 17.Ng5 Bc8 18.Ne2 Nxe2+ 
19.Bxe2 Rfe8 20.Bc4+ Kh8 21.Nf7+ Kg8 22.Nxd8+ Kf8 
23.Bc5+ Ne7 24.Rd1 1-0